00229nam a2200073Ia 4500008004100000082001500041100001900056245008000075240331s9999 xx 000 0 und d a303.4bJAY aJayawardena, K 0aNobodies to somebodies :bThe Rise of the colonial bourgeoisie in Sri Lanka